Zem a zemské zdroje /

Hlavní autor: Rybár, Pavol, 1950-
Korporativní autor: Technická univerzita (Košice, Slovensko). Fakulta baníctva, ekológie, riadenia a geotechnológií
Další autoři: Sasvári, Tibor, 1947-
Jazyk: Slovenština
Vydáno: Košice : Štroffek, 1998
Vydání: 1. vyd.
Témata:
Fyzický popis: 175 s. : il. ; 24 cm
Knihy
Uloženo v:
LEADER 01063nam a2200277 a 4500
001 000433901
003 CZ BrMZK
005 20121009092045.0
008 990902s1998 xo f slo d
020 |a 80-88896-12-6 
040 |a BOA001  |b cze 
080 |a 620.9  |2 MRF 
080 |a 504  |2 MRF 
080 |a 553  |2 MRF 
100 1 |a Rybár, Pavol,  |d 1950-  |7 mzk2003180443  |4 aut 
245 1 0 |a Zem a zemské zdroje /  |c Pavol Rybár, Tibor Sasvári 
250 |a 1. vyd. 
260 |a Košice :  |b Štroffek,  |c 1998 
300 |a 175 s. :  |b il. ;  |c 24 cm 
500 |a Určeno pro posl. 1. roč. fak. baníctva, ekológie, riadenia a geotechnol. Techn. univ. v Košicích. - Bibliogr. 
653 0 |a Země (planeta)  |a nerostné suroviny 
700 1 |a Sasvári, Tibor,  |d 1947-  |7 xx0122279  |4 aut 
710 2 |a Technická univerzita (Košice, Slovensko).  |b Fakulta baníctva, ekológie, riadenia a geotechnológií  |7 mzk2002157167 
910 |a BOA001  |b TK-0265.239 
990 |a BK 
996 7 |b 2620015031  |c TK-0265.239  |l MZK  |r Sklad / do 24 hodin  |n 4  |p kup  |w 000433901  |u 000010  |a 1  |e BOA001  |j MZK50  |s A